000 00818nam a22002657a 4500
001 8745
003 FISKH
005 20251017101951.0
008 251016b cb ||||| |||| 00| 0 eng d
020 _a9780194790574
040 _aFISKH
_beng
_cFISKH
_dFISKH
050 _aPE1126.A4 H358
082 _a428
100 _aHannam, Joyce
_eAuthor
245 _aThe death of Karen Silkwood /
_cJoyce Hannam
260 _aNew York :
_bOxford University ,
_c1991
300 _a56 pages :
_billustrations ;
_c20 cm
505 _aJ
520 _aIt begins with her death. Why does her story begin where it should end? Certain people wanted her death to be an ending. Why?...
521 8 _a500
_bLexile
521 8 _aJ
_bRaz-Plus
650 _aBeginner
_vKaren Silkwood
942 _2ddc
_cBK
_n0
999 _c8745
_d8745